| 000 | 00000nam 2200000za 4500 |
| 001 | 9.837987 |
| 003 | CaOODSP |
| 005 | 20221107151254 |
| 007 | cr ||||||||||| |
| 008 | 170608s1986 onc |o f|0| 0 eng d |
| 040 | |aCaOODSP|beng |
| 041 | |aeng|bfre |
| 043 | |an-cn--- |
| 086 | 1 |aCS11-614/86-17E-PDF |
| 100 | 1 |aGratton, Misako Kozono. |
| 245 | 10|aUser's manual for PROC X11ARIMA |h[electronic resource] / |cby Misako Kozono Gratton and Estela Bee Dagum. |
| 260 | |a[Ottawa] : |bStatistics Canada, |c[1986]. |
| 300 | |a35 p. |
| 490 | 1 |aWorking paper ;|v86-17 |
| 500 | |aDigitized edition from print [produced by Statistics Canada]. |
| 504 | |aIncludes bibliographic references. |
| 520 | 3 |a"The X11ARIMA procedure is an adaptation of the X-11-ARIMA Seasonal Adjustment Program developed at Statistics Canada by Dagum (1980). The procedure offers all the functions available in the PROC XII plus additional features that Include: (a) ARIMA modelling (Box and Jenkins, 1970) for extrapolation of the series; (b) the composition of series by addition, subtraction, multiplication and division of several components; and (c) a set of control statistics to assess the reliability of the output"--Abstract. |
| 546 | |aAbstract in French. |
| 692 | 07|2gccst|aMethodology |
| 692 | 07|2gccst|aStatistical analysis |
| 700 | 1 |aDagum, Estela Bee. |
| 710 | 1 |aCanada. |bStatistics Canada. |bMethodology Branch. |
| 830 | #0|aWorking paper (Statistics Canada. Methodology Branch)|v86-17|w(CaOODSP)9.834763 |
| 856 | 40|qPDF|s6.63 MB|uhttps://publications.gc.ca/collections/collection_2017/statcan/11-613/CS11-614-86-17-eng.pdf |
| 986 | |a11-614E |